| 000 | 00432nam a2200193Ia 4500 | ||
|---|---|---|---|
| 005 | 20240823034727.0 | ||
| 008 | 240823s9999||||xx |||||||||||||| ||und|| | ||
| 020 | _a978-81-264-1725-4 | ||
| 041 | _aMALAYALAM | ||
| 082 | _A894.8123 P7 | ||
| 100 | _aGeorge John | ||
| 245 | 0 | _aValillappuzha | |
| 250 | _a1st | ||
| 260 |
_c2007 _b"D C Books,Kot" |
||
| 500 | _aYES | ||
| 650 |
_aNovel _bEnglish |
||
| 942 | _cBK | ||
| 999 |
_c198975 _d198975 |
||